000 00709nam a2200217 i 4500
001 71553
003 ES-MaACL
005 20250812022435.0
007 t|
008 040812s1905 it ||||1| ita d
100 1 _aGentile, Iginio.
_956358
245 1 0 _aTrattato generale di archeologia e storia dell'arte greca /
_cIginio Gentile ; per cura de Serafino Ricci.
250 _a2ª ed. interamente rifatta.
260 _aMilano :
_b[Mariano Belliuzaghi],
_c1905.
300 _a2 v. ;
_c15 cm.
650 7 _aRestos arqueológicos griegos
_2embne
_9173274
650 7 _aArte griego
_2embne
_910221
700 1 _aRicci, Serafino.
_996883
852 _aES-MaACL
_jD-2984-85
999 _c71553
_d71553